| 000 | 01217nam a22003377a 4500 | ||
|---|---|---|---|
| 003 | CHAP | ||
| 005 | 20220329140823.0 | ||
| 008 | 971013s1965 r 00010 d | ||
| 010 | _a58126 | ||
| 011 | _a59098 | ||
| 035 | _a63255 | ||
| 040 | _cCHAP | ||
| 082 |
_a621.56 _bS86Y |
||
| 100 | 0 | 0 |
_aStoecker, W. F. _9109851 |
| 245 | _aRefrigeración y acondicionamiento de aire | ||
| 260 |
_aNew York : _bMcGraw-Hill, _c1965 |
||
| 300 |
_a406 p. _b: ilus. ; gráfs. ; anexos |
||
| 590 |
_aBATCH-UPD _b10 _c20130110 _lUCH01 _h0604 |
||
| 590 |
_aBATCH-UPD _b10 _c20130410 _lUCH01 _h0245 |
||
| 590 |
_aBATCH-UPD _b10 _c20130913 _lUCH01 _h2345 |
||
| 590 |
_aCONVERSION _b10 _c20130109 _lUCH01 _h1331 |
||
| 650 | 1 | 4 |
_aAire acondicionado. _93151 |
| 650 | 1 | 4 |
_aRefrigeración. _995611 |
| 901 | _aBK | ||
| 942 | _cLIBRO | ||
| 949 |
_a621.56 S86Y _bBC _cLIBRO _d33724000483533 _eLIBRO _fc.4 _h13077 _i63255 _si |
||
| 949 |
_a621.56 S86Y _bBC _cLIBRO _d33724000483541 _eLIBRO _h13074 _i63255 _si |
||
| 949 |
_a621.56 S86Y _bBC _cLIBRO _d33724000906368 _eLIBRO _fc.6 _h13079 _i63255 _si |
||
| 949 |
_a621.56 S86Y _bBC _cLIBRO _d33724002056629 _eLIBRO _fc.5 _h13078 _i63255 _si |
||
| 949 |
_a621.56 S86Y _bBC _cLIBRO _d33724002203058 _eLIBRO _fc.3 _h13076 _i63255 _si |
||
| 999 |
_c58126 _d58126 |
||